000 00303nam a2200109Ia 4500
008 190216s9999||||xx |||||||||||||| ||und||
100 _aMaheswari S C
245 0 _aSample Test Papers In Botany For Medical Entrance Examination
260 _bNew Light Publishers
650 _aEntrance Exam
942 _cREF
999 _c35871
_d35871